Aids to Ophthalmology (Record no. 1740)

MARC details
000 -LEADER
fixed length control field 00495nam a22001937a 4500
003 - CONTROL NUMBER IDENTIFIER
control field OSt
005 - DATE AND TIME OF LATEST TRANSACTION
control field 20170215151123.0
008 - FIXED-LENGTH DATA ELEMENTS--GENERAL INFORMATION
fixed length control field 150511b xxu||||| |||| 00| 0 eng d
020 ## - INTERNATIONAL STANDARD BOOK NUMBER
International Standard Book Number 0443042691
040 ## - CATALOGING SOURCE
Transcribing agency DNLM
082 ## - DEWEY DECIMAL CLASSIFICATION NUMBER
Classification number WW140 A251989
100 ## - MAIN ENTRY--PERSONAL NAME
Personal name Khaw P. T.[et...al]
9 (RLIN) 4588
245 ## - TITLE STATEMENT
Title Aids to Ophthalmology
260 ## - PUBLICATION, DISTRIBUTION, ETC. (IMPRINT)
Place of publication, distribution, etc. London:
Name of publisher, distributor, etc. Churchill Livingstone;
Date of publication, distribution, etc. 1989
300 ## - PHYSICAL DESCRIPTION
Extent vii, 294 p
Other physical details ill;
Dimensions 25 cm
504 ## - BIBLIOGRAPHY, ETC. NOTE
Bibliography, etc Includes index
650 ## - SUBJECT ADDED ENTRY--TOPICAL TERM
Topical term or geographic name as entry element Ophthalmology
9 (RLIN) 338
942 ## - ADDED ENTRY ELEMENTS (KOHA)
Source of classification or shelving scheme Other/Generic Classification Scheme
Koha item type Short Loan
Holdings
Withdrawn status Lost status Source of classification or shelving scheme Damaged status Not for loan Home library Current library Date acquired Source of acquisition Inventory number Total Checkouts Full call number Barcode Date last seen Price effective from Koha item type
    Other/Generic Classification Scheme     MUST Main Library MUST Main Library 11/05/2015   4385   WW 140 A251989 2015-1386 11/05/2015 11/05/2015 Short Loan
    Other/Generic Classification Scheme     MUST Main Library MUST Main Library 20/05/2015   4382   WW 140 A251989 2015-1491 20/05/2015 20/05/2015 Short Loan